UBT Library

Janson's history of art : (Record no. 1338)

000 -LEADER
fixed length control field 00621nam a22002057a 4500
008 - FIXED-LENGTH DATA ELEMENTS--GENERAL INFORMATION
fixed length control field 151022b xxu||||| |||| 00| 0 eng d
020 ## - INTERNATIONAL STANDARD BOOK NUMBER
International Standard Book Number 0131934686
041 0# - LANGUAGE CODE
Language code of text/sound track or separate title eng
080 ## - UNIVERSAL DECIMAL CLASSIFICATION NUMBER
Universal Decimal Classification number 7.03
100 1# - Rafti
Rafti Janson, H. W.
245 10 - TITLE STATEMENT
Title Janson's history of art :
Statement of responsibility, etc Penelope J.E. Davies ... [et al.].
246 30 - VARYING FORM OF TITLE
Title proper/short title History of art
250 ## -
-- 7th ed.
260 ## -
-- Upper Saddle River, N.J. :
-- Pearson Prentice Hall,
-- 2007.
300 ## -
-- 2 v. (various pagings) :
-- me il.;
-- 30 cm.
650 #0 -
-- Historia e artit
700 1# -
-- Davies, Penelope J. E.,
700 1# -
-- Janson, H. W.
942 ## - ADDED ENTRY ELEMENTS (KOHA)
Source of classification or shelving scheme
Item type Books
Holdings
Withdrawn status Lost status Source of classification or shelving scheme Damaged status Not for loan Collection code Permanent location Current location Shelving location Date acquired Total Checkouts Full call number Barcode Date last seen Price effective from Koha item type
          Koleksioni i përgjithshem UBT - Lipjan UBT - Lipjan Koleksioni i përgjithshem 12/04/2015   7.03 JAN 002-008737 12/04/2015 12/04/2015 Books
UBT Library © 2015-2024. All rights reserved University Education for Business and Technology